000 01715nam a2200229Ia 4500
008 260220t1992||||xx |||||||||||||| ||spa||
040 _aPY-SlUNAC
_bspa
_erda
041 _aspa
082 _a551.48
_bD61b
245 0 _aBalance hídrico superficial del Paraguay :
_bmemoria descriptiva
264 _aAsunción :
_bDINAC,
_c℗1992.
300 _a1 volumen
520 _aEl libro "Balance hídrico superficial del Paraguay" es una memoria descriptiva que presenta un análisis exhaustivo de los recursos hídricos del país, resaltando la importancia de la gestión sostenible del agua en la región. A través de una metodología rigurosa, se examinan los componentes del balance hídrico, tales como la precipitación, la evaporación y el escurrimiento superficial, ofreciendo una visión integral de la dinámica hídrica en Paraguay. Se incluye una serie de datos estadísticos y gráficos que ilustran las variaciones estacionales y las tendencias a largo plazo en el uso y disponibilidad del agua. Además, el texto destaca los desafíos que enfrenta el país en términos de contaminación, deforestación y cambio climático, proponiendo estrategias para la conservación y el manejo eficiente de los recursos hídricos. Esta obra es fundamental para investigadores, planificadores y responsables de políticas públicas, ya que proporciona un marco referencial para abordar las cuestiones relacionadas con el agua en el contexto paraguayo.
651 _aParaguay
653 _aGestión del agua
653 _aRecursos hídricos
942 _b2026/02/17
_cBK
999 _c8024
_d8024